000 00431nam a2200145Ia 4500
008 100204s9999 xx 000 0 und d
082 _b7645
100 _aभडभडे सुमन
245 _aवादळवारे
260 _b"उदयदीप प्रकाशन , मुंबई"
_c1985
300 _a204
630 _aवादळवारे
730 _aवादळवारे
942 _cBOOK
999 _c452081
_d452078